000 00446cam a2200169ua 4500
020 _c700.00
041 _aeng
_h
082 _a630.717
_bKAL/NE
100 _aKalla, P.N .
245 _aNew dimensions of extension training and management /
_cP.N Kalla.
_hTextual Documents
260 _aUdaypur :
_bAgro-tech publishing academy ,
_c2008.
300 _a ; .
365 _a700.00
504 _a
942 _cBK
999 _c13492
_d13492